000 01939nam a22002777a 4500
999 _c4622
_d4622
003 DO-SdBJH
005 20191118221442.0
008 180806b ||||| |||| 00| 0 spa d
040 _aDO-SdBJH
_bspa
_cDO-SdBJH
090 _aTG EGDDHHyDIH
_b01212 2017
100 1 _aRivera Castillo, César Alejandro
_esustentante
245 1 0 _aAplicación de la normativa de Derechos Humanos por parte de la Corte Interamericana de Derechos Humanos en relación al conflicto armado de Guatemala, suscitado de 1962-1996 /
_cCésar Alejandro Rivera Castillo, Mario Rafael Herrera Espinoza, asesores Juan Miguel Pérez Richiez, Oscar Valdez Guillén
260 _aSanto Domingo :
_bINSUDE,
_c2017
300 _axv, 90 páginas
502 _aTesis (Especialidad en Derechos Humanos y Derecho Internacional Humanitario) -- Instituto Superior para la Defensa (INSUDE). Escuela de Graduados en Derechos Humanos y Derecho Internacional Humanitario, 2017
504 _a Incluye referencias bibliográficas e índices
505 _aNormativa vinculante para la República de Guatemala en el conflicto armado suscitado de 1962-1996. -- Análisis de las sentencias emitidas por la corte IDH, al resolver el caso de la masacre de las dos erres vs Guatemala y el caso masacres de rió negro vs Guatemala. -- Consecuencias y repercusiones de las resoluciones de la corte IDH para la República de Guatemala
650 4 _aConflicto armado 1962-1996 - Consecuencias masacre
650 4 _aSanciones corte interamericana de derechos humanos -- Efectos de la sentencia
651 4 _aRepública de Guatemala -- Derechos humanos
700 1 _aHerrera Espinoza, Mario Rafael
_esustentante
700 1 _aPérez Richiez, Juan Miguel
_easesor
700 1 _aValdez Guillén, Oscar
_easesor
830 _aINSUDE. Escuela de Graduados en Derechos Humanos y Derecho Internacional Humanitario. Tesis y disertaciones académicas
942 _2ddc
_cT